| 000 | 00960nam a22003377a 4500 | ||
|---|---|---|---|
| 001 | 0074 | ||
| 003 | DO-SdBPM | ||
| 005 | 20260219060704.0 | ||
| 007 | ta | ||
| 008 | 151006b1999 sp | |||| 00| 0 spa d | ||
| 020 | _a9501221423 | ||
| 040 |
_aDO-SdBPM _bspa _cBPMSU _erda |
||
| 082 | 4 |
_a370.15 _bP579d 1999 _222 |
|
| 100 | 1 |
_a Piaget, Jean _eautor _4aut. |
|
| 245 | 1 | 0 |
_aDe la pedagogía / _cJean Piaget |
| 260 | _c | ||
| 264 |
_a Barcelona : _bEdiciones Paidó _c1999 |
||
| 300 |
_a272 páginas ; _c 23 cm _b |
||
| 336 |
_atexto _btxt _2rdacontent |
||
| 337 |
_asin mediación _bn _2rdamedia |
||
| 338 |
_avolumen _bnc _2rdacarrier |
||
| 490 | 0 |
_aPaidós educador, _v142 |
|
| 500 | _a | ||
| 590 | _aInventariado, 2026/VM | ||
| 650 | 7 | _a Psicopedagogía | |
| 650 | 7 | _a Pedagogía social | |
| 650 | 7 | _aMetodología en pedagogía | |
| 650 | 7 | _a Sociología de la educación | |
| 910 | _aVMateo V. Control de calidad. BPMSU | ||
| 942 |
_2ddc _cBK |
||
| 999 |
_c15715 _d15715 |
||